Symmetry through the eyes of a chemist /

Bibliographic Details
Main Author: Hargittai, István
Other Authors: Hargittai, Magdolna
Format: Book
Language:English
Published: New York, NY : VCH Publishers, [1986]
Subjects:

MARC

Tag First Indicator Second Indicator Subfields
LEADER 00000cam a22000008a 4500
001 in00000010976
005 20151007051948.0
008 870622s1986 nyua b 00110 eng
010 |a  87016132  
020 |a 0895736810 
035 |a (OCoLC)16129176 
035 |9 AAA5643AM 
040 |a DLC  |c DLC  |d TXA  |d UtOrBLW 
049 |a TXAM  |c [A12638298] 
050 0 0 |a QD461  |b .H268 1987 
050 4 |a QD461  |b .H268 1986 
082 0 |a 541.2/2  |2 19 
100 1 |a Hargittai, István. 
245 1 0 |a Symmetry through the eyes of a chemist /  |c István Hargittai, Magdolna Hargittai. 
263 |a 8708 
264 1 |a New York, NY :  |b VCH Publishers,  |c [1986] 
264 4 |c ©1986 
300 |a xii, 458 pages :  |b illustrations 
336 |a text  |b txt  |2 rdacontent 
337 |a unmediated  |b n  |2 rdamedia 
338 |a volume  |b nc  |2 rdacarrier 
504 |a Includes bibliographies and indexes. 
650 0 |a Molecular theory. 
650 0 |a Symmetry (Physics) 
700 1 |a Hargittai, Magdolna. 
999 |a MARS 
999 f f |s 906bf096-2a8e-3e32-8c12-b46faa407b06  |i 5d953dc6-5c20-3080-810b-8ef198b9bd50  |t 0 
952 f f |p ric  |a Texas A&M University  |b Rellis Campus  |c Joint Library Facility  |s JLF  |d Remote Storage  |t 0  |e QD461 .H268 1986  |h Library of Congress classification  |i unmediated -- volume  |m A14812638298 
998 f f |a QD461 .H268 1986  |t 0  |l Remote Storage